=LDR 00000nam 2200000 4500 =001 INLIS000000000026933 =005 20200226021331 =035 ##$$a 0010-061300000026933 =008 200226################g##########0#ind## =041 ##$$a Ind =082 ##$$a 172.412 =090 ##$$a 172.412, Rus a =100 ##$$a Russell, Bertrand =245 1#$$a Akal sehat dan ancaman nuklir /$c Bertrand Russell ; penerjemah Ira Puspito Rini =260 ##$$a Yogyakarta :$b Ikon Teralitera,$c 2001 =300 ##$$a xxxviii, 100 hlm. ; $c 13x20 cm. =650 #4$$a Perdamaian, Filsafat =850 ##$$a NBPNMAT =020 ##$$a 979-3016-20-5 =084 ##$$a 172.412 RUS a =990 ##$$a 20703866 =990 ##$$a 20703865